000 01133nam0a22003251 4500
001 v19\rc\1842854
005 20251118180025.0
035 _a(NLR Aleph) 004936083
090 _a5730979
_c5730979
100 _a20071224d1908 |||y0rusy50 ca
101 0 _arus
102 _aRU
105 _aa z |||||
200 1 _aМеханизм смерти при сибирской язве
_eЭксперим. исслед.
_eДис. на степ. д-ра мед.
_fН.А. Струев
210 _aМосква
_cтипо-лит. торг. д. "А.В. Крылов и К°"
_d1908
215 _a202, [2] с.
_cтабл., граф.
_d25
532 1 3 _aМеханизм смерти при сибирской язве
700 1 _aСтруев
_bН. А.
_f1871-
_gНиколай Александрович
801 0 _aRU
_bNLR
_gpsbo
801 0 _aRU
_bRuMoRGB
_2psbo
801 1 _aRU
_bProSoft-M
_2rusmarc
852 _aNLR
_j37.23.4.24
852 _aNLR
_j132/5448
899 _aRuMoRGB
_jU 7/143
899 _aRuMoRGB
_jD 45/5
899 _aRuMoRGB
_jD 60/377
899 _aНБ СПбГУ
942 _cBOOK
980 _aNB